| 000 | 01025nam a22002417a 4500 | ||
|---|---|---|---|
| 003 | BD-DhSAU | ||
| 005 | 20170808121906.0 | ||
| 008 | 160609b2009 bg ||||| |||| 001 0 eng d | ||
| 040 | _aBD-DhSAU | ||
| 082 |
_222 _a630.715 _bH7949 |
||
| 100 |
_aHossain, Md. Alamin _eRegistration # 08-03193 |
||
| 245 |
_aUse communication media by the BRAC women beneficiaries in income generating activities in a selected area of Nilphamari District / _bMS thesis |
||
| 300 |
_aiv, 79 p. : _bill. ; _c30 cm. |
||
| 500 | _aMS thesis of Department of Agricultural Extension & Information System, Faculty of Agriculture, Sher-e-Bangla Agricultural University, Dhaka, Bangladesh | ||
| 590 | _aMd. Sirajul Islam | ||
| 650 | _aAgricultural Extension & Information System | ||
| 650 | _aCommunication | ||
| 650 | _aMedia | ||
| 700 |
_aUlla, Md. Shadat _eSupervisor |
||
| 700 |
_aHaque, M. Zahidul _eCo-Supervisor |
||
| 856 |
_uhttp://archive.saulibrary.edu.bd:8080/handle/123456789/1411 _yOnline Access |
||
| 942 |
_2ddc _cTHESIS |
||
| 999 |
_c13367 _d13366 |
||